Psychology and psychiatry in courts and corrections: controversy and change

Guardado en:  
Detalles Bibliográficos
Autor principal: Fersch, Ellsworth A. (Autor)
Tipo de documento: Print Libro
Lenguaje:Inglés
Publicado: New York [u.a.] Wiley 1980
En:Año: 1980
Disponibilidad en Tübingen:Disponible en Tübingen.
UB: KB 11 A 325
Verificar disponibilidad: HBZ Gateway
Servicio de pedido Subito: Pedir ahora.
Palabras clave:

MARC

LEADER 00000cam a22000002c 4500
001 1092779272
003 DE-627
005 20251224220445.0
007 tu
008 910115s1980 xx ||||| 00| ||eng c
035 |a (DE-627)1092779272 
035 |a (DE-576)022779272 
035 |a (DE-599)BSZ022779272 
035 |a (OCoLC)06085883 
035 |a (OCoLC)251548729 
035 |a (DE-604)8063883880 
040 |a DE-627  |b ger  |c DE-627  |e rakwb 
041 |a eng 
082 0 |a 614/.1 
084 |a CW 8000  |2 rvk  |0 (DE-625)rvk/19207: 
100 1 |a Fersch, Ellsworth A.  |4 aut 
245 1 0 |a Psychology and psychiatry in courts and corrections  |b controversy and change  |c Ellsworth A. Fersch 
264 1 |a New York [u.a.]  |b Wiley  |c 1980 
300 |a XI, 370 S. 
336 |a Text  |b txt  |2 rdacontent 
337 |a ohne Hilfsmittel zu benutzen  |b n  |2 rdamedia 
338 |a Band  |b nc  |2 rdacarrier 
490 0 |a Wiley series on personality processes 
583 1 |a Archivierung prüfen  |c 20200919  |f DE-640  |z 3  |2 pdager 
655 7 |a Einführung  |0 (DE-588)4151278-9  |0 (DE-627)104450460  |0 (DE-576)209786884  |2 gnd-content 
689 0 0 |d s  |0 (DE-588)4131534-0  |0 (DE-627)105694398  |0 (DE-576)209628057  |a Gerichtliche Psychologie  |2 gnd 
689 0 |5 (DE-627) 
936 r v |a CW 8000  |b Forensische Psychologie  |k Psychologie  |k Angewandte Psychologie  |k Andere Gebiete der angewandten Psychologie  |k Forensische Psychologie  |0 (DE-627)1271504383  |0 (DE-625)rvk/19207:  |0 (DE-576)201504383 
951 |a BO 
ELC |b 1 
LOK |0 000 xxxxxcx a22 zn 4500 
LOK |0 001 2482340985 
LOK |0 003 DE-627 
LOK |0 004 1092779272 
LOK |0 005 20020606000000 
LOK |0 008 910115||||||||||||||||ger||||||| 
LOK |0 040   |a DE-21  |c DE-627  |d DE-21 
LOK |0 852   |a DE-21 
LOK |0 852 1  |c KB 11 A 325  |9 00 
LOK |0 935   |a krim 
LOK |0 936ln  |a k8.7.6 
LOK |0 939   |a 15-01-91  |b l01 
ORI |a SA-MARC-krimdoka001.raw 
SIG |a UB: KB 11 A 325